The Heritage of World Civilizations / Combined Volume (Record no. 418)

000 -LEADER
fixed length control field 02006nam a22004457a 4500
001 - CONTROL NUMBER
control field 18635568
003 - CONTROL NUMBER IDENTIFIER
control field OSt
005 - DATE AND TIME OF LATEST TRANSACTION
control field 20241030084007.0
008 - FIXED-LENGTH DATA ELEMENTS--GENERAL INFORMATION
fixed length control field 150528s2016 njuab b 001 0 eng
010 ## - LIBRARY OF CONGRESS CONTROL NUMBER
LC control number 2015018630
020 ## - INTERNATIONAL STANDARD BOOK NUMBER
International Standard Book Number 9780133834918 (combined volume)
020 ## - INTERNATIONAL STANDARD BOOK NUMBER
International Standard Book Number 0133834913 (combined volume)
040 ## - CATALOGING SOURCE
Original cataloging agency DLC
Language of cataloging eng
Transcribing agency DLC
Description conventions rda
Modifying agency DLC
041 ## - LANGUAGE CODE
Language code of text/sound track or separate title eng
042 ## - AUTHENTICATION CODE
Authentication code pcc
050 00 - LIBRARY OF CONGRESS CALL NUMBER
Classification number CB69
Item number .H46 2016
080 ## - UNIVERSAL DECIMAL CLASSIFICATION NUMBER
Universal Decimal Classification number 008
Item number H-57
082 00 - DEWEY DECIMAL CLASSIFICATION NUMBER
Classification number 909
Edition number 23
100 1# - MAIN ENTRY--PERSONAL NAME
Personal name Craig, Albert M.,
Relator term author.
245 14 - TITLE STATEMENT
Title The Heritage of World Civilizations / Combined Volume
Statement of responsibility, etc. Albert M. Craig, Harvard University, William A. Graham, Harvard University, Donald Kagan, Yale University, Steven Ozment, Harvard University, Frank M. Turner, Yale University.
250 ## - EDITION STATEMENT
Edition statement Tenth edition.
260 ## - PUBLICATION, DISTRIBUTION, ETC.
Place of publication, distribution, etc. Hoboken :
Name of publisher, distributor, etc. Pearson,
Date of publication, distribution, etc. 2016.
300 ## - PHYSICAL DESCRIPTION
Extent xxxii, 1055 pages :
Other physical details illustrations, maps ;
Dimensions 28 cm
336 ## - CONTENT TYPE
Content type term text
Content type code txt
Source rdacontent
337 ## - MEDIA TYPE
Media type term unmediated
Media type code n
Source rdamedia
338 ## - CARRIER TYPE
Carrier type term volume
Carrier type code nc
Source rdacarrier
500 ## - GENERAL NOTE
General note Earlier edition entered under title.
504 ## - BIBLIOGRAPHY, ETC. NOTE
Bibliography, etc. note Includes bibliographical references and index.
505 0# - FORMATTED CONTENTS NOTE
Formatted contents note Human origins and early civilizations to 500 B.C.E. -- Empires and cultures of the ancient world, 1000 B.C.E. to 500 C.E. -- Consolidation and interaction of world civilizations, 500 C.E. to 1500 C.E. -- The world in transition, 1500 to 1850 -- Enlightenment and revolution in the Atlantic world, 1700-1850 -- Into the modern world, 1815-1949 -- Global conflict and change, 1900-present.
650 #0 - SUBJECT ADDED ENTRY--TOPICAL TERM
Topical term or geographic name entry element Civilization
General subdivision History
Form subdivision Textbooks.
653 ## - INDEX TERM--UNCONTROLLED
Uncontrolled term ცივილიზაცია
653 ## - INDEX TERM--UNCONTROLLED
Uncontrolled term ისტორია
700 ## - ADDED ENTRY--PERSONAL NAME
9 (RLIN) 312
Personal name Graham, A. William
700 ## - ADDED ENTRY--PERSONAL NAME
9 (RLIN) 313
Personal name Kagan, Donald
700 ## - ADDED ENTRY--PERSONAL NAME
9 (RLIN) 314
Personal name Ozment, Steven
700 ## - ADDED ENTRY--PERSONAL NAME
9 (RLIN) 315
Personal name Turner, M. Frank
906 ## - LOCAL DATA ELEMENT F, LDF (RLIN)
a 7
b cbc
c orignew
d 1
e ecip
f 20
g y-gencatlg
942 ## - ADDED ENTRY ELEMENTS (KOHA)
Source of classification or shelving scheme
Koha item type Books
Edition 10
Holdings
Withdrawn status Lost status Source of classification or shelving scheme Damaged status Not for loan Permanent location Current location Date acquired Inventory number Total Checkouts Full call number Barcode Date last seen Price effective from Koha item type
          Ken Walker International University Ken Walker International University 11/25/2020 1139   008 H-57 1139 11/25/2020 11/25/2020 Books

Powered by Koha